Catálogo
 En Linea

Asignatura educación constitucional : (Registro nro. 59335)

Detalles MARC
000 -CABECERA
campo de control de longitud fija 01510nam a2200373 i 4500
003 - IDENTIFICADOR DEL NÚMERO DE CONTROL
campo de control DO-SdBNP
005 - FECHA Y HORA DE LA ÚLTIMA TRANSACCIÓN
campo de control 20260526120703.0
007 - CAMPO FIJO DE DESCRIPCIÓN FÍSICA--INFORMACIÓN GENERAL
campo de control de longitud fija ta
008 - DATOS DE LONGITUD FIJA--INFORMACIÓN GENERAL
campo de control de longitud fija 250618b2023 dr |||| |||| 00| 0 spa d
020 ## - NÚMERO INTERNACIONAL ESTÁNDAR DEL LIBRO
Número Internacional Estándar del Libro 9789945651010
020 ## - NÚMERO INTERNACIONAL ESTÁNDAR DEL LIBRO
Número Internacional Estándar del Libro 9789945651041 (digital)
040 ## - FUENTE DE LA CATALOGACIÓN
Centro catalogador/agencia de origen DO-SdBNP
Lengua de catalogación spa
Centro/agencia transcriptor BNPHU
Normas de descripción rda
041 ## - CÓDIGO DE LENGUA
Código de lengua del texto/banda sonora o título independiente spa
082 #4 - NÚMERO DE LA CLASIFICACIÓN DECIMAL DEWEY
Número de clasificación xxx
Número de documento/Ítem A832e
Número de edición 22
245 10 - MENCIÓN DE TÍTULO
Título Asignatura educación constitucional :
Resto del título manual /
Mención de responsabilidad, etc. Mayra Cabral Brea [y otros tres]
246 10 - FORMA VARIANTE DE TÍTULO
Título propio/Titulo breve Asignatura educación constitucional :
Resto del título guía para facilitadores
264 #4 - PRODUCCIÓN, PUBLICACIÓN, DISTRIBUCIÓN, FABRICACIÓN Y COPYRIGHT
Producción, publicación, distribución, fabricación y copyright Santo Domingo :
Nombre del de productor, editor, distribuidor, fabricante Tribunal Constitucional. Centro de Estudios Constitucionales : Ministerio de Educación Superior, ciencia y Tecnología,
Fecha de producción, publicación, distribución, fabricación o copyright 2023.
300 ## - DESCRIPCIÓN FÍSICA
Extensión 91 páginas
Dimensiones 28 cm.
336 ## - TIPO DE CONTENIDO
Término de tipo de contenido texto
Código de tipo de contenido txt
Fuente rdacontent
337 ## - TIPO DE MEDIO
Nombre/término del tipo de medio sin mediación
Código del tipo de medio n
Fuente rdamedia
338 ## - TIPO DE SOPORTE
Nombre/término del tipo de soporte volumen
Código del tipo de soporte nc
Fuente rdacarrier
500 ## - NOTA GENERAL
Nota general Primera edición noviembre 2023, primera reimpresión 2024
500 ## - NOTA GENERAL
Nota general Enseñanza de la constitución en las instituciones de educación superior
505 ## - NOTA DE CONTENIDO CON FORMATO
Nota de contenido con formato Derecho constitucional dominicano
590 ## - NOTA LOCAL (RLIN)
Nota local Inventariado, 2025 /LP
700 1# - PUNTO DE ACCESO ADICIONAL--NOMBRE DE PERSONA
Nombre de persona Cabral Brea, Mayra
Término indicativo de función/relación autor
Código de función/relación aut.
9 (RLIN) 88141
700 1# - PUNTO DE ACCESO ADICIONAL--NOMBRE DE PERSONA
Nombre de persona Corral Panadero, Esmeralda
Término indicativo de función/relación autor
Código de función/relación aut.
9 (RLIN) 88142
700 1# - PUNTO DE ACCESO ADICIONAL--NOMBRE DE PERSONA
Nombre de persona Fernández Estrella, Aracelis
Término indicativo de función/relación autor
Código de función/relación aut.
9 (RLIN) 88143
700 ## - PUNTO DE ACCESO ADICIONAL--NOMBRE DE PERSONA
Nombre de persona Rojas Alfau, Laia
Término indicativo de función/relación autor
Código de función/relación aut.
9 (RLIN) 88144
700 1# - PUNTO DE ACCESO ADICIONAL--NOMBRE DE PERSONA
Nombre de persona Martínez Real, Francisco Javier
Término indicativo de función/relación autor
Código de función/relación aut.
-- ed.
9 (RLIN) 88145
700 1# - PUNTO DE ACCESO ADICIONAL--NOMBRE DE PERSONA
Nombre de persona Casado, Yissel
Término indicativo de función/relación diagramador
Código de función/relación di.
9 (RLIN) 43308
910 ## - DATOS DE OPCIÓN DEL USUARIO (OCLC)
Datos de opción del usuario LP
942 ## - ELEMENTOS DE PUNTO DE ACCESO ADICIONAL (KOHA)
Fuente del sistema de clasificación o colocación Dewey Decimal Classification
Tipo de ítem Koha Libro
Existencias
Estado de retiro Estado de pérdida Fuente del sistema de clasificación o colocación Restricciones de uso No para préstamo Código de colección Localización permanente Ubicación/localización actual Ubicación en estantería Fecha de adquisición Fuente de adquisición Total de préstamos Signatura topográfica completa Código de barras Fecha visto por última vez Número de copia Precio válido a partir de Tipo de ítem Koha
    Dewey Decimal Classification Excluido de préstamo   Patrimonio Dominicano Biblioteca Nacional Pedro Henríquez Ureña Biblioteca Nacional Pedro Henríquez Ureña En catalogación 24.10.2024 Depósito Legal   xxx A832e 2025-5392 18.06.2025 v.1 18.06.2025 Libro
    Dewey Decimal Classification Excluido de préstamo   Patrimonio Dominicano Biblioteca Nacional Pedro Henríquez Ureña Biblioteca Nacional Pedro Henríquez Ureña En catalogación 24.10.2024 Depósito Legal   xxx A832e 2025-5393 18.06.2025 v.1, e.2 18.06.2025 Libro
    Dewey Decimal Classification Préstamo en sala   Dominicana de Servicio Biblioteca Nacional Pedro Henríquez Ureña Biblioteca Nacional Pedro Henríquez Ureña En catalogación 24.10.2024 Depósito Legal   xxx A832e 2025-5394 18.06.2025 v.1, e.3 18.06.2025 Libro
    Dewey Decimal Classification Excluido de préstamo   Patrimonio Dominicano Biblioteca Nacional Pedro Henríquez Ureña Biblioteca Nacional Pedro Henríquez Ureña En catalogación 24.10.2024 Depósito Legal   xxx A832e 2025-5395 18.06.2025 v.2 18.06.2025 Libro
    Dewey Decimal Classification     Patrimonio Dominicano Biblioteca Nacional Pedro Henríquez Ureña Biblioteca Nacional Pedro Henríquez Ureña En catalogación 24.10.2024 Depósito Legal   xxx A832e 2025-5396 18.06.2025 v.2, e.2 18.06.2025 Libro
    Dewey Decimal Classification Préstamo en sala   Dominicana de Servicio Biblioteca Nacional Pedro Henríquez Ureña Biblioteca Nacional Pedro Henríquez Ureña En catalogación 24.10.2024 Depósito Legal   xxx A832e 2025-5397 18.06.2025 v.2, e.3 18.06.2025 Libro

Con tecnología Koha